00542nam a2200181 450000500170000002000180001708200170003510000210005224500360007326000480010930000080015765000190016570000210018470000160020594200120022195201100023399900170034320260602112450.0 a9788119613328 a617.96bE24J aJain, Amit Kumar aEssential guide of anaesthesia  aNew DelhibIP Innovative Publicationc2024. a220 aAnesthesiology aTripathi, Sonali aSingh, Puja 2ddccBK 00102ddc4070aFDbFDd2026-06-02iSGTUl0o617.96 E24JpFD10204r2026-06-02 11:25:29w2026-06-02yBKk c34919d34919